| 000 | 01177nam a2200265Ia 4500 | ||
|---|---|---|---|
| 003 | Ost | ||
| 005 | 20260507075037.0 | ||
| 008 | 260507s9999||||xx |||||||||||||| ||und|| | ||
| 020 | _a9957061704 | ||
| 040 | _cfsecg | ||
| 041 | _aara | ||
| 082 | _a330 | ||
| 100 |
_aالفضل، مؤيد _eمؤلف |
||
| 245 | 0 |
_aالمشاكل المحاسبية المعاصرة / _c مؤيد الفضل |
|
| 260 |
_aعمان: _bدار المسيرة, _c2002 |
||
| 300 |
_a332 صفحة؛ _bإيضاحات ؛ _c24 سم |
||
| 504 | _aبلوغرافيا ص. 331 | ||
| 520 | _aمشاكل المحاسبة عن تغيرات الأسعار-مشاكل المحاسبة عن الموارد البشرية-مشاكل المحاسبة عن المسؤولية الاجتماعية-مشاكل المحاسبة البيئية-مشاكل المحاسبة عن ترجمة القوائم المالية في الشركات متعددة الجنسية | ||
| 653 | _aالشركات | ||
| 653 | _aالقوى العاملة | ||
| 653 | _aالمحاسبة | ||
| 700 |
_aعلي الدوغجي _eمؤلف ثانوي |
||
| 700 |
_aنور، عبد الناصر _eمؤلف ثانوي |
||
| 942 | _cكتاب | ||
| 999 |
_c42471 _d42471 |
||